|
|
|
|
| LEADER |
01544nam a22003737a 4500 |
| 001 |
39162 |
| 003 |
BD-DhAAL |
| 005 |
20220720124000.0 |
| 008 |
180309s2019 nyua 001 0 eng |
| 999 |
|
|
|c 44415
|d 44415
|
| 010 |
|
|
|a 2018011895
|
| 020 |
|
|
|a 1292261773
|
| 020 |
|
|
|a 9781292261775
|
| 020 |
|
|
|a 9780134650197 (softcover)
|
| 020 |
|
|
|a 0134650190
|
| 040 |
|
|
|a DLC
|b eng
|c DLC
|e rda
|d DLC
|d BD-DhAAL
|
| 042 |
|
|
|a pcc
|
| 050 |
0 |
0 |
|a TP248.2
|b .T49 2019
|
| 082 |
0 |
0 |
|a 660.6
|2 23
|
| 100 |
1 |
|
|a Thieman, William J.,
|e author.
|9 50023
|
| 245 |
1 |
0 |
|a Introduction to biotechnology /
|c William J. Thieman, (Ventura College, Emeritus), Michael A. Palladino, (Monmouth University).
|
| 250 |
|
|
|a Fourth edition.
|
| 264 |
|
1 |
|a NY, NY :
|b Pearson,
|c c2020.
|
| 300 |
|
|
|a 385 pages :
|b illustrations (some color) ;
|c 28 cm.
|
| 500 |
|
|
|a Includes index.
|
| 526 |
|
|
|a PHR
|
| 541 |
|
|
|a Book Finder International
|e 39162, 39163
|
| 650 |
|
0 |
|a Biotechnology.
|9 50024
|
| 650 |
|
0 |
|a Pharmacy.
|9 50025
|
| 700 |
1 |
|
|a Palladino, Michael Angelo,
|e author.
|9 50026
|
| 852 |
|
|
|a Ayesha Abed Library
|c General Stacks
|
| 942 |
|
|
|2 ddc
|c BK
|
| 952 |
|
|
|0 0
|1 0
|2 ddc
|4 0
|6 660_600000000000000_THI
|7 0
|9 71254
|a BRACUL
|b BRACUL
|c GEN
|d 2022-07-18
|e Book Finder International
|g 4886.84
|l 10
|m 80
|o 660.6 THI
|p 3010039162
|r 2026-01-16
|s 2025-10-27
|t 1
|v 4886.84
|w 2022-07-18
|y BK
|
| 952 |
|
|
|0 0
|1 0
|2 ddc
|4 0
|6 660_600000000000000_THI
|7 0
|9 71255
|a BRACUL
|b BRACUL
|c GEN
|d 2022-07-18
|e Book Finder International
|g 4886.84
|l 9
|m 53
|o 660.6 THI
|p 3010039163
|r 2026-01-17
|s 2025-09-01
|t 2
|v 4886.84
|w 2022-07-18
|y BK
|